000 00795nam a2200265 a 4500
001 57582
003 BD-RjUL
005 20211209080530.0
008 161210s1995 enka b 001 0 eng
020 _a0415116864 (hbk.) :
_c$45.00
020 _a0415116872 (pbk.) :
_c$15.00
035 _a(BD-RjUL) 57706
040 _aDLC
_cDLC
_dBD-RjUL
_beng
041 _aeng
082 0 0 _a303.4
_223
_bONP 1995
100 1 _aO'Neill, John,
_d1933-
_9170975
245 1 4 _aThe poverty of postmodernism /
_cJohn O'Neill.
260 _aLondon :
_bRoutledge,
_c1995.
300 _a205 p. :
_bill. ;
_c23 cm.
490 1 _aSocial futures
504 _aIncludes bibliographical references and index.
650 0 _aSocial Change
_xSocial aspects.
_9170976
830 0 _aSocial futures
_9170979
942 _2ddc
_cBK
999 _c57582
_d57582